00304 a2200097 4500001001000000005001700010008004100027245001700068100001900085773010200104ART_3958520260410162012.0260409a 10aSimon (1955)1 aWeisman, Diego0 tDocumentos del CIECEgEnsayos sobre racionalidad en economía - Nº 4 (ene./jun. 2008)wREV39541